000 00327nam a22001337a 4500
008 250703b |||||||| |||| 00| 0 eng d
020 _a04717269311
050 _aHD3357
_b.R87
100 _aLARKEN Richard F.
245 _aGaap for Government
260 _aCanada
_bJohn Wiley & Sons Inc.
_c2001
300 _a106p.
942 _cBK
999 _c4087
_d4087